00286nam a2200121Ia 4500008004100000100001900041245002500060260003600085300000800121650001300129942000700142999001500149190216s9999||||xx |||||||||||||| ||und|| aVenugopalan K 0aResearch Methodology bCalicut University Publications a279 aCommerce cBK c7385d7385